|
|
|
|
| LEADER |
01331nam a22003254a 4500 |
| 001 |
35716 |
| 003 |
BD-DhAAL |
| 005 |
20211129153819.0 |
| 008 |
190919r20032000enkab b 001 0 eng |
| 999 |
|
|
|c 41334
|d 41334
|
| 010 |
|
|
|a 98056529
|
| 020 |
|
|
|a 0415156769
|
| 020 |
|
|
|a 9780415156769
|
| 040 |
|
|
|a DLC
|c DLC
|d DLC
|d BD-DhAAL
|
| 042 |
|
|
|a pcc
|
| 050 |
0 |
0 |
|a G73
|b .L345 2000
|
| 082 |
0 |
0 |
|a 910.712
|2 21
|
| 100 |
1 |
|
|a Lambert, David,
|d 1932-
|9 34969
|
| 245 |
1 |
0 |
|a Learning to teach geography in the secondary school :
|b a companion to school experience /
|c David Lambert and David Balderstone.
|
| 260 |
|
|
|a London ;
|a New York :
|b Routledge,
|c 2000 [reprinted 2003]
|
| 300 |
|
|
|a xxiii, 479 pages :
|b ill. (some col.), maps (some col.) ;
|c 24 cm.
|
| 440 |
|
|
|a Learning to teach subjects in the secondary school
|9 34972
|
| 504 |
|
|
|a Includes bibliographical references (p. [462]-474).
|
| 526 |
|
|
|a BIED
|
| 541 |
|
|
|a Complimentary copy from BIED
|e 35716
|
| 650 |
|
0 |
|a Geography
|x Study and teaching (Secondary)
|9 34970
|
| 700 |
1 |
|
|a Balderstone, David.
|9 34971
|
| 852 |
|
|
|c BIED Collection
|
| 942 |
|
|
|2 ddc
|c BK
|
| 952 |
|
|
|0 0
|1 0
|2 ddc
|4 0
|6 910_712000000000000_LAM
|7 0
|9 66430
|a BRACUL
|b BRACUL
|c GEN
|d 2019-09-19
|e Complimentary copy from BIED
|l 0
|o 910.712 LAM
|p 3010035716
|r 2019-09-19
|t 1
|w 2019-09-19
|y BK
|x Transferred from BIED to General Stacks
|